000
00236nam a22001097a 4500
003
OSt
008
241206b |||||||| |||| 00| 0 eng d
041
_a
eng
100
_a
Chacko, PT
_9
6453
245
_a
Vijnanavum Veekshanavum
942
_c
BK
999
_c
18329
_d
18329